Viscoelastic properties of rubber-TPE blends : Application of models (Record no. 72200)

MARC details
000 -LEADER
fixed length control field 01447nam a22001217a 4500
100 ## - MAIN ENTRY--AUTHOR NAME
Personal name Bhagavan S S
245 #0 - TITLE STATEMENT
Title Viscoelastic properties of rubber-TPE blends : Application of models
260 ## - PUBLICATION, DISTRIBUTION, ETC. (IMPRINT)
Name of publisher Papers presented at the National Seminar on rubber blends at RRII, Kottayam, November 14, 1995
Year of publication 1995
520 ## - SUMMARY, ETC.
Summary, etc Dynamic mechanical properties are ideal for analysis of multicomponent composites and blends, by comparing the experimental results with predictions based on various models. This parer attempts to apply the kerner model for predicting the dynamic properties of 1,2 polybutadiene (1,2 PBD) - natural rubber (NR) blends. The discrete particle model assumes one of the components of the blends as matrix and the other as dispersed inclusions, whereas the packed grain model assumes neither of the components as matrix but a co-continuous structure of the two. Kerners expression for these two models were considered in the present case. Experimentally determined values of E and tan were compared with the computed data for both discrete particle and polyaggregate models for 70 : 30, 50:50 and 30:70 1,2 PBD : NR blends. The computed data and the experimental values showed good agreemnt for the first two blends whereas for the 30:70 1,2 PBD : NR blend, both the models failed to predict its structure. SEM studies on morphology was used to correlate the results.
700 ## - ADDED ENTRY--PERSONAL NAME
Personal name Bandyopadhyay G G
942 ## - ADDED ENTRY ELEMENTS (KOHA)
Koha item type Journals
Holdings
Withdrawn status Lost status Damaged status Not for loan Home library Current library Date acquired Koha item type
      Journals RRII Library RRII Library 17/12/2021 Journals